000 00892pam a2200265 i 4500
001 315870
003 EG-ScBUE
005 20260512101501.0
008 740402t1974 nyua f b 001 0 eng d
020 _a0442264933
040 _aDLC
_beng
_erda
_cDLC
_dDLC
_dEG-ScBUE
082 0 4 _a510.202
_bHAN
_222
245 0 0 _aHandbook of applied mathematics :
_bselected results and methods /
_cedited by Carl E. Pearson.
264 1 _aNew York :
_bVan Nostrand Reinhold Co.
_c[1974]
264 4 _cc1974
300 _axiii, 1265 pages :
_billustrations ;
_c23 cm
336 _2rdacontent
_atext
_btxt
337 _aunmediated
_2rdamedia
_bn
338 _avolume
_bnc
_2rdacarrier
504 _aIncludes bibliographical references and index.
650 7 _aMathematics
_xHandbooks, manuals, etc.
_2BUEsh
_97159
655 _vReading book
700 1 _aPearson, Carl E.,
_eeditor.
942 _2ddc
_cREFERENCE
999 _c12092
_d12092